| 000 | 00859nam a2200205 a 4500 | ||
|---|---|---|---|
| 008 | 120416s2001 ||||||||||||||||| || u | ||
| 020 | _a0750652160 | ||
| 050 | _aTK 4255 Sca | ||
| 100 | _aScaddan, Brian | ||
| 245 | 1 | 0 | _aIEE 16th edition wiring regulations: inspection, testing & certification (3rd ed.) |
| 250 | _a3rd ed. | ||
| 260 |
_aOxford: _bNewnes _c2001 |
||
| 300 | _axv, 72 pages : illustrations | ||
| 350 | _a0.00 | ||
| 650 | _aELECTRIC WIRING, INTERIOR | ||
| 650 | _aBUILDINGS--ELECTRIC EQUIPMENT | ||
| 650 | 0 | _aELECTRONICS | |
| 995 |
_aMAIN LIBRARY OPEN ACCESS _D0.00 _e735840 _FCBU-MAIN LIBRARY (Kitwe) _H1 _I9.99 _jTK 4255 Sca _M1 _UAVAILABLE _y48626 _ZMain Library Open Access Collection |
||
| 995 |
_aMAIN LIBRARY OPEN ACCESS _D0.00 _e735839 _FCBU-MAIN LIBRARY (Kitwe) _H2 _I9.99 _jTK 4255 Sca _M2 _UAVAILABLE _y48625 _ZMain Library Open Access Collection |
||
| 999 |
_c76290 _d76290 |
||